|
|
|
|
| LEADER |
01142nam a22002772a 4500 |
| 001 |
000262678 |
| 003 |
CZ BrMZK |
| 005 |
20100125130959.0 |
| 007 |
ta |
| 008 |
010907s1985 xr af f cze d |
| 040 |
|
|
|a BOA001
|b cze
|
| 080 |
9 |
|
|a 373.3(437.227)(091)
|
| 100 |
1 |
|
|a Šolc, Josef,
|d 1942-
|7 mzk2010474075
|4 aut
|
| 245 |
1 |
0 |
|a Lužice :
|b z historie školy a PO SSM /
|c Josef Šolc, Zdenka Šolcová
|
| 260 |
|
|
|a Hodonín :
|b Muzeum Hodonínska,
|c 1985
|
| 300 |
|
|
|a 42 s., obr. příl. :
|b il.
|
| 500 |
|
|
|a V tiráži vročení 1984
|
| 500 |
|
|
|a Vydáno ke 35. výročí vzniku PO SSM
|
| 504 |
|
|
|a Obsahuje bibliografii
|
| 700 |
1 |
|
|a Šolcová, Zdenka,
|c regionální publikace
|4 aut
|
| 910 |
|
|
|a BOA001
|b PK-0100.973
|b 2-0902.231
|
| 964 |
|
|
|a Lužice-obec - školy - Základní škola - dějiny - přehledy
|
| 990 |
|
|
|a BK
|
| 996 |
7 |
|
|b 2619326032
|c 2-0902.231
|l MZK
|r Sklad / do 1 hodiny
|n 0
|w 000262678
|u 000030
|a 1
|e BOA001
|j MZK50
|s A
|
| 996 |
6 |
|
|b 2619326033
|c 2-0902.231
|l MZK
|r Sklad / do 1 hodiny
|n 1
|w 000262678
|u 000020
|a 1
|e BOA001
|j MZK50
|s P
|
| 996 |
7 |
|
|b 3119914755
|c PK-0100.973
|l MZK
|r Sklad / do 1 hodiny
|n 4
|w 000262678
|u 000010
|a 1
|e BOA001
|j MZK50
|s A
|